000 00855nam a2200253Ia 4500
003 GCL
008 140319s9999 xx 000 0 ara d
040 _aGCL /
_cGCL
082 0 4 _a945.01
_bهـ و
100 1 _aجوزيف نسيم يوسف
245 1 0 _aالدول والامبراطورية فى العصور الوسطى /
_cجوزيف نسيم يوسف
700 1 _aهارتمان , ل .م
700 1 _aباركلانى، ج
260 _a[S.N] :
_bمؤسسة شباب الجامعة ،
_c1984
300 _a307
490 _aمكتبة التاريخ الوسيط
_v0
650 0 4 _aتاريخ
650 0 4 _aالعصور الوسطى
650 0 4 _aاباطرة الرومان
650 0 4 _aحضارة العصور الوسطى
650 0 4 _aايطاليا
650 0 4 _aالامبراطورية البيزنطية
942 _2ddc
_cBK
999 _c32003
_d32003